Concrete Approximations: In Pursuit of Absolute Space (Record no. 12801)

000 -LEADER
fixed length control field 00416 a2200169 4500
003 - CONTROL NUMBER IDENTIFIER
control field OSt
005 - DATE AND TIME OF LATEST TRANSACTION
control field 20240722190437.0
008 - FIXED-LENGTH DATA ELEMENTS--GENERAL INFORMATION
fixed length control field 240722b ||||| |||| 00| 0 eng d
020 ## - INTERNATIONAL STANDARD BOOK NUMBER
International Standard Book Number 9781957183534
082 ## - DEWEY DECIMAL CLASSIFICATION NUMBER
Classification number 666.89
100 ## - MAIN ENTRY--PERSONAL NAME
Personal name Olivier Ottevaere
245 ## - TITLE STATEMENT
Title Concrete Approximations: In Pursuit of Absolute Space
250 ## - EDITION STATEMENT
Edition statement Applied Research & Design
260 ## - PUBLICATION, DISTRIBUTION, ETC. (IMPRINT)
Date of publication, distribution, etc 2023
300 ## - PHYSICAL DESCRIPTION
Extent 167p;
942 ## - ADDED ENTRY ELEMENTS (KOHA)
Source of classification or shelving scheme
Holdings
Withdrawn status Lost status Source of classification or shelving scheme Damaged status Koha normalized classification for sorting Not for loan Permanent location Current location Date acquired Source of acquisition Cost, normal purchase price Full call number Barcode Date last seen Cost, replacement price Price effective from Koha item type
        666_890000000000000   BMS College of Architecture, Design and Planning BMS College of Architecture, Design and Planning 2024-07-08 1 2265.38 666.89 AR-UG4013 2024-07-08 3020.50 2024-07-08 B.PLAN
Copyright © 2025, The Librarian, Library and Information Centre, BMSCA D&P, Bengaluru. All Rights Reserved
web counter

Powered by Koha